Topics in functional analysis and applications (Record no. 750875)

MARC details
000 -LEADER
fixed length control field 00449nam a2200169 4500
020 ## - INTERNATIONAL STANDARD BOOK NUMBER
ISBN 9789360745370
100 ## - MAIN ENTRY--AUTHOR NAME
Personal name Kesavan, S
245 ## - TITLE STATEMENT
Title Topics in functional analysis and applications
250 ## - EDITION STATEMENT
Edition statement 4th ed.
260 ## - PUBLICATION, DISTRIBUTION, ETC. (IMPRINT)
Place of publication New Delhi
Name of publisher New age international
Year of publication 2025
300 ## - PHYSICAL DESCRIPTION
Number of Pages viii+323
650 ## - SUBJECT ADDED ENTRY--TOPICAL TERM
Topical Term Sobolev spaces
650 ## - SUBJECT ADDED ENTRY--TOPICAL TERM
Topical Term Semigroup
650 ## - SUBJECT ADDED ENTRY--TOPICAL TERM
Topical Term Nonlinear analysis
942 ## - ADDED ENTRY ELEMENTS (KOHA)
Source of classification or shelving scheme Dewey Decimal Classification
Koha item type Book
Holdings
Withdrawn status Lost status Source of classification or shelving scheme Damaged status Not for loan Collection code Home Library Current Location Shelving location Date acquired Source of acquisition Cost, normal purchase price Full call number Accession Number Price effective from Koha item type
    Dewey Decimal Classification     Gift or donation Dept. of Mathematics Dept. of Mathematics General Stacks 06/08/2025 Gift from New age international publisher 399.00 515.7 KES-T MATG219 06/08/2025 Book